| 000 | 00403pab a2200169 454500 | ||
|---|---|---|---|
| 008 | 180718b2017 xxu||||| |||| 00| 0 eng d | ||
| 100 | _aSarkar, S.K. | ||
| 245 | _aMore crop per drop: efficient irrigation water use | ||
| 260 | _c2017 | ||
| 300 | _ap.5-7. | ||
| 362 | _aNov | ||
| 650 | _aWater consumption | ||
| 650 | _aIrrigation | ||
| 650 | _aCrops | ||
| 773 | _aKurukshetra | ||
| 909 | _a116184 | ||
| 999 |
_c116178 _d116178 |
||